Educación moral: para qué?
محفوظ في:
| المؤلف الرئيسي: | |
|---|---|
| التنسيق: | كتاب |
| اللغة: | الإسبانية |
| منشور في: |
Santiago
CIDE
1984
|
| سلاسل: | Documento de trabajo, 1
|
| الموضوعات: | |
| الوسوم: |
إضافة وسم
لا توجد وسوم, كن أول من يضع وسما على هذه التسجيلة!
|
MARC
| LEADER | 00000nam a2200000 a 4500 | ||
|---|---|---|---|
| 001 | UCW4664 | ||
| 003 | CL-VaPUC | ||
| 008 | 900612e19840000CL |||||||||||||||||spa|d | ||
| 082 | 0 | 4 | |a 370.114 |b MIF |2 21 |
| 100 | |a Mifsud, Tony, |c S. J. |e autor |9 600778 | ||
| 245 | 1 | 0 | |a Educación moral: para qué? |
| 300 | |a 121 p | ||
| 942 | |c BK | ||
| 945 | |d 19900612 00:00:00 | ||
| 260 | |a Santiago |b CIDE |c 1984 | ||
| 650 | 0 | |a Educación moral |9 308319 | |
| 583 | |a last modification |c 19900612 00:00:00 |k Rodrigo Vera | ||
| 490 | 0 | |a Documento de trabajo, 1 | |
| 999 | |c 218332 |d 218330 | ||
| 952 | |0 0 |1 0 |4 0 |6 370_114000000000000_MIF_1984 |7 0 |8 P |9 207723 |a BIBEDU |b BIBEDU |c BIBEDU_PB |d 2019-11-15 |i 2755394 |o 370.114 MIF 1984 |p 2755394 |r 2024-01-25 |w 2019-11-15 |y BK |k EDU | ||
| 952 | |0 0 |1 0 |4 0 |6 370_114000000000000_MIF_1984 |7 0 |8 P |9 207724 |a BIBEDU |b BIBEDU |c BIBEDU_PB |d 2019-11-15 |i 2755408 |o 370.114 MIF 1984 |p 2755408 |r 2024-01-25 |w 2019-11-15 |y BK |k EDU | ||
| 952 | |0 0 |1 0 |4 0 |6 370_114000000000000_MIF_1984 |7 0 |8 P |9 207725 |a BIBEDU |b BIBEDU |c BIBEDU_PB |d 2019-11-15 |i 2755416 |o 370.114 MIF 1984 |p 2755416 |r 2024-01-25 |w 2019-11-15 |y BK |k EDU | ||
| 952 | |0 0 |1 0 |4 0 |6 370_114000000000000_MIF_1984 |7 0 |8 P |9 207726 |a BIBEDU |b BIBEDU |c BIBEDU_PB |d 2019-11-15 |i 2755424 |o 370.114 MIF 1984 |p 2755424 |r 2024-01-25 |w 2019-11-15 |y BK |k EDU | ||
| 952 | |0 0 |1 0 |4 0 |6 370_114000000000000_MIF_1984 |7 0 |8 P |9 207727 |a BIBEDU |b BIBEDU |c BIBEDU_PB |d 2019-11-15 |i 2755432 |o 370.114 MIF 1984 |p 2755432 |r 2024-01-25 |w 2019-11-15 |y BK |k EDU | ||
| 952 | |0 0 |1 0 |4 0 |6 370_114000000000000_MIF_1984 |7 0 |8 P |9 207728 |a BIBEDU |b BIBEDU |c BIBEDU_PB |d 2019-11-15 |i 2755440 |o 370.114 MIF 1984 |p 2755440 |r 2024-01-25 |w 2019-11-15 |y BK |k EDU | ||
| 952 | |0 0 |1 0 |4 0 |6 370_114000000000000_MIF_1984 |7 0 |8 P |9 207729 |a BIBEDU |b BIBEDU |c BIBEDU_PB |d 2019-11-15 |i 2755459 |o 370.114 MIF 1984 |p 2755459 |r 2024-01-25 |w 2019-11-15 |y BK |k EDU | ||
| 952 | |0 0 |1 0 |4 0 |6 370_114000000000000_MIF_1984 |7 0 |8 P |9 207730 |a BIBEDU |b BIBEDU |c BIBEDU_PB |d 2019-11-15 |i 2755467 |o 370.114 MIF 1984 |p 2755467 |r 2024-01-25 |w 2019-11-15 |y BK |k EDU | ||